Lịch sử triết học : (Dành cho cử nhân Sư phạm Triết học, cử nhân Sư phạm Giáo dục chính trị, học viên cao học và nghiên cứu sinh không thuộc chuyên ngành Triết học)
Trình bày hệ thống những kiến thức cơ bản nhất từ lịch sử triết học cổ đại, qua trung đại, cận đại, hiện đại rồi đến việc giới thiệu một số trào lưu triết học Phương Tây hiện đại và kết thúc ở Lịch sử triết học Mác - Lênin...
Đã lưu trong:
| Príomhúdar: | |
|---|---|
| Formáid: | Leabhar |
| Teanga: | Undetermined |
| Foilsithe: |
Hà Nội
Đại học Sư phạm Hà Nội
2010
|
| Ábhair: | |
| Clibeanna: |
Cuir Clib Leis
Gan Chlibeanna, Bí ar an gcéad duine leis an taifead seo a chlibeáil!
|
| Thư viện lưu trữ: | Trung tâm Học liệu Trường Đại học Cần Thơ |
|---|
| LEADER | 01331nam a2200229Ia 4500 | ||
|---|---|---|---|
| 001 | CTU_166871 | ||
| 008 | 210402s9999 xx 000 0 und d | ||
| 020 | |c 44000 | ||
| 082 | |a 109 | ||
| 082 | |b S312 | ||
| 100 | |a Trần, Đăng Sinh | ||
| 245 | 0 | |a Lịch sử triết học : | |
| 245 | 0 | |b (Dành cho cử nhân Sư phạm Triết học, cử nhân Sư phạm Giáo dục chính trị, học viên cao học và nghiên cứu sinh không thuộc chuyên ngành Triết học) | |
| 245 | 0 | |c Trần Đăng Sinh (chủ biên)...[et al.] | |
| 260 | |a Hà Nội | ||
| 260 | |b Đại học Sư phạm Hà Nội | ||
| 260 | |c 2010 | ||
| 520 | |a Trình bày hệ thống những kiến thức cơ bản nhất từ lịch sử triết học cổ đại, qua trung đại, cận đại, hiện đại rồi đến việc giới thiệu một số trào lưu triết học Phương Tây hiện đại và kết thúc ở Lịch sử triết học Mác - Lênin | ||
| 650 | |a Philosophy,Philosophy, ancient,Philosophy, oriental,Lịch sử triết học,Triết học cổ,Triết học phương Đông | ||
| 650 | |x History | ||
| 904 | |i Phuong, Năm | ||
| 980 | |a Trung tâm Học liệu Trường Đại học Cần Thơ | ||